Responses for Show #7641 - Monday, November 27, 2017

Contestants

[<< previous game]

Caity Willox, a course logistics specialist from Skokie, Illinois

Hilary Fried, a retired box office cashier from Milford, Connecticut

Marcus Gresham, a WRAP facilitator from Corydon, Indiana (whose 1-day cash winnings total $20,401)

[next game >>]

Jeopardy! Round responses

KEEP IT DOWN
MOUNTAINS
RANKING THE NEW MILITARY MAN
NOTABLE NAMES
THINK PINK
RHYME TIME
    $200 26
Citizen Kane (or Charles Foster Kane)

Caity
    $200 1
Everest

Caity
    $200 6
(Caity: What is Commander in Chief?)

a general election

HilaryCaity
    $200 8
Pocahontas

Marcus
    $200 14
Lucky Charms

Marcus
    $200 13
a fat bat

Caity
    $400 27
(Hilary: What is a hearing aid?)

the puffy shirt

Hilary
Triple Stumper
    $400 2
(Hilary: What are Sierra Nevada?)

Sierra Madre

MarcusHilary
    $400 7
Major League

Marcus
    $400 9
Carnegie

Caity
    $400 15
(Inspector) Clouseau

Hilary
    $400 22
a French trench

Hilary
    $600 28
Brick Heck

Marcus
    $600 3
Mount Rushmore

Marcus
    $600 16
corporal punishment

Hilary
    $600 10
(Benjamin) Spock

Marcus
    $600 19
pinking shears

Marcus
    $600 23
a fake steak

Caity
    $800 29
(Alex: Not the Horse Whisperer, but [*].)

the Course Whisperer

Triple Stumper
    $800 4
Olympus

Hilary
    $800 17
Captain Underpants

Hilary
    $1,200 11
(Marcus: Who is Gallaudet?)

Alexander Graham Bell

Marcus
    $800 20
Pink Floyd

Marcus
    $800 24
rattle cattle

Hilary
    $1000 30
hail Hydra

Hilary
    $1000 5
the Dolomites

Triple Stumper
    $1000 18
private investment (or private equity)

Marcus
    $1000 12
Elizabeth Cady Stanton

Marcus
    $1000 21
Argentina

Marcus
    $1000 25
a Rhone phone

Caity

Scores at the first commercial break (after clue 15):

Marcus Hilary Caity
$2,200 $1,000 $600

Scores at the end of the Jeopardy! Round:

Marcus Hilary Caity
$6,200 $4,200 $2,400

Double Jeopardy! Round responses

WET SCIENCE
A MANIA FOR MANIAS
MAJOR THIRDS IN MUSIC
BOOKS & AUTHORS
RUSSIA "N"
CRIME TIME
    $400 6
magnesium

Caity
    $400 21
go home

Marcus
    $400 1
Eminem

Marcus
    $400 11
(The Adventures of) Pinocchio

Marcus
    $400 12
Nicholas

Marcus
    $400 26
1972

Marcus
    $800 7
212

Caity
    $800 22
kleptomania

Caity
    $800 2
The Heartbreakers

Caity
    $800 17
Al Franken

Hilary
    $800 13
nyet

Hilary
    $800 27
Valentine's Day

Caity
    $1200 8
specific gravity (or density)

Caity
    $1200 23
pyromania

Marcus
    $1200 3
Eddie Vedder

Caity
    $1200 18
Who Moved My Cheese?

Caity
    $1200 14
(Vladimir) Nabokov

Marcus
    $1200 28
(Hilary: What is the 1930s?)
...
(Alex: It happened in '47.)

the 1940s

MarcusHilary
    $1600 9
a mussel

Caity
    $1600 24
count objects

Triple Stumper
    $1600 4
Aloe Blacc

Marcus
    $1600 19
Rachel Carson

Triple Stumper
    $1600 15
Nijinsky

Hilary
    $1600 29
March 18

Caity
    $2000 10
a volcano

Triple Stumper
    $2,200 25
(Marcus: What is wash? ...What is [*]?)

wash hands

Marcus
    $2000 5
Rufus

Caity
    $2000 20
100-Year-Old Man Who Climbed Out the Window and Disappeared

Triple Stumper
    $2000 16
Novgorod

Triple Stumper
    $1,600 30
(Caity: What are the 1850s?)

the 1880s

Caity

Scores at the end of the Double Jeopardy! Round:

Marcus Hilary Caity
$15,600 $6,200 $13,200

[wagering suggestions for these scores]

Final Jeopardy! Round responses

GERMAN GEOGRAPHY
(Alex: [To Marcus] You noticed that [**] was on the water, a port city.)
HilaryWhat are Bavaria & Brunhilda
$4,601
CaityWhat are Bavaria & Baden?
$5,000
MarcusWhat are Bavaria and Bremen
$10,801
Bavaria & Bremen

Final scores:

Marcus Hilary Caity
$26,401 $1,599 $8,200
2-day champion: $46,802 3rd place: $1,000 2nd place: $2,000

Game dynamics:

Coryat scores:

Marcus Hilary Caity
$16,600 $6,200 $14,800
22 R
(including 1 DD),
1 W
(including 1 DD)
11 R,
3 W
17 R,
2 W
(including 1 DD)

Combined Coryat: $37,600

[game clues] [game scores] [suggest correction]

Game tape date: 2017-08-23
The J! Archive is created by fans, for fans. Scraping, republication, monetization, and malicious use prohibited; this site may use cookies and collect identifying information. See terms. The Jeopardy! game show and all elements thereof, including but not limited to copyright and trademark thereto, are the property of Jeopardy Productions, Inc. and are protected under law. This website is not affiliated with, sponsored by, or operated by Jeopardy Productions, Inc. Join the discussion at JBoard.tv.